| 000 | 00659nam a2200205 i 4500 | ||
|---|---|---|---|
| 001 | bg | ||
| 100 | 1 | _aMICZULSKI, Wiesław | |
| 245 | 1 | 0 |
_aMetrologia elektryczna : _bmateriały pomocnicze.Cz. / _cWiesław Miczulski ; Politechnika Zielonogórska. Wydział Elektryczny _n3. |
| 260 |
_aZielona Góra : _bWydaw. PZ, _c1999. |
||
| 300 |
_a146 s. : _bil. ; _c24 cm. |
||
| 504 | _aBibliogr. | ||
| 650 | 9 |
_aElektrotechnika _xpomiary |
|
| 655 | _aPodręczniki akademickie | ||
| 710 | 0 |
_aPolitechnika Zielonogórska _bWydział Elektryczny |
|
| 040 | _cBPK | ||
| 041 | 0 | _apl | |
| 080 | _a621.317(075.8) | ||
| 942 | _cKS | ||
| 008 | s pl f |000 0 pol | ||
| 999 |
_c39230 _d39230 |
||
| 856 |
_uhttp://koha.tu.koszalin.pl/cgi-bin/koha/opac-detail.pl?biblionumber=39230 _yKatalog online BPK |
||